000 00834cam a2200253 a 4500
001 TB12140
003 IN-BhIIT
005 20250909180431.0
008 071108s2008 njua b 001 0 eng
020 _a9780131471221 (pbk.)
040 _aIN-BhIIT
041 _aeng
082 0 0 _a519.0246213
_bLEO/P
100 1 _aLeon-Garcia, Alberto.
_eAuthor
_924041
245 1 0 _aProbability, statistics, and random processes for electrical engineering /
_cby Alberto Leon-Garcia.
250 _a3rd ed.
260 _aUpper Saddle River, NJ :
_bPearson/Prentice Hall,
_cc2008.
300 _axiv, 818 p. :
_bill. ;
_c25 cm.
504 _aIncludes bibliographical references and index.
650 0 _aElectrical engineering
_xMathematics.
_925205
650 0 _aProbabilities.
_926381
650 0 _aStochastic processes.
_91878
942 _cTB
_02
999 _c14584
_d14584